00988nam a2200217 a 450000100100000000500170001000800410002702000150006804000250008310000420010824501450015026000720029530000170036749000510038450400730043570000230050871000610053183000560059295201050064899900170075300004125620201002034730.0130920s2001 sp 001 0 spa d a8400079396 aDO-SdBNPbspacBNPHU1 aSolórzano y Pereira, Juan de91519210aJuan de Solórzano Pereira. De indiarum Iure :bLibr. 1: de inquisitione indiarum) /cJuan de Solórzano y Pereira; C. Barciero...[et.al]. aMadrid :bConsejo Superior de Investigaciones Científicas,c2001. av. ;c25 cm.1 aCorpus Hispanorum de pace.aSegunda serie ;v8 aIncluye referencias bibliográficas y notas al pie de las páginas1 aBaciero, C.9678582 aConsejo Superior de Investigaciones Científicas,94786 0aCorpus Hispanorum de pace.pSegunda serien8967857 001050718MOaGRbGRcCTd2013-09-27iLF1l0o p41256-10r2020-06-25w2020-06-25y1ZNo se presta c40746d40746